000 00319nam a22001457a 4500
008 230705b ||||| |||| 00| 0 eng d
020 _a9781591943020
041 _aeng
080 _a37
082 _a37LAN
100 _a23
101 _aEDU
245 _aTHE READING WRITING CONNECTION
_cLANGAN.J
942 _2udc
_cBK
999 _c60089
_d60089